Prístupy ku klasifikácii nákladov
Náklady predstavujú jednu z najsledovanejších ekonomických kategórií. Cieľom autorov bolo priniesť diferentný pohľad k nákladom, než aký je obvyklý v našom ekonomickom prostredí a načrtnúť určité kvalitatívne prínosy, ktoré so sebou tieto prístupy prinášajú. Anglo-americký prístup k nákladom. Klasif...
Enregistré dans:
| Auteur principal: | |
|---|---|
| Autres auteurs: | |
| Format: | Chapitre de livre |
| Langue: | slovaque |
| Sujets: | |
| Tags: |
Pas de tags, Soyez le premier à ajouter un tag!
|
MARC
| LEADER | 00000nla$a2200000$$$4500 | ||
|---|---|---|---|
| 001 | 0114669 | ||
| 005 | 20240502072258.8 | ||
| 041 | 0 | |a slo | |
| 044 | |a SK | ||
| 245 | 1 | 0 | |a Prístupy ku klasifikácii nákladov |c Vladimír Šebej, Ľubica Foltínová |
| 520 | |a Náklady predstavujú jednu z najsledovanejších ekonomických kategórií. Cieľom autorov bolo priniesť diferentný pohľad k nákladom, než aký je obvyklý v našom ekonomickom prostredí a načrtnúť určité kvalitatívne prínosy, ktoré so sebou tieto prístupy prinášajú. Anglo-americký prístup k nákladom. Klasifikácia nákladov podľa anglo-amerického princípu. Produktové náklady. Výkaz ziskov a strát v obchodnom podniku. Výkaz ziskov a strát vo výrobnom podniku. Klasifikácia produktových nákladov - priamy materiál, priama práca a spoločné náklady výroby. Variabilné a fixné náklady. | ||
| 610 | 2 | 0 | |a podnik |
| 610 | 2 | 0 | |a náklady |
| 610 | 2 | 0 | |a klasifikácia |
| 610 | 2 | 0 | |a kalkulácia |
| 610 | 2 | 0 | |a náklady fixné |
| 610 | 2 | 0 | |a náklady variabilné |
| 610 | 2 | 0 | |a analýza nákladov |
| 100 | 1 | |a Šebej, Vladimír | |
| 700 | 1 | |a Foltínová, Ľubica, 1975- | |